000 00856cam a2200277 4500
001 ABS67054
008 030924n2003 000 0 eng u
035 _a(Sirsi) u123708
245 _aIreland
260 _c2003
490 _aProperty Week Supplement
_v68(35) September 2003 (LOAN)
520 _aSeries of articles which look at Ireland's commercial property market.
590 _aABS
650 _aNORTHERN IRELAND
650 _aEIRE
650 _aIRELAND
650 _aLONDONDERRY
650 _aBELFAST
650 _aDEVELOPMENT
650 _aREGENERATION
650 _aPROPERTY-COMMERCIAL PROPERTY-OFFICE PROPERTY-OFFICE PROPERTY MARKET
650 _aPROPERTY-COMMERCIAL PROPERTY-RETAIL PROPERTY-RETAIL PROPERTY MARKET
650 _aDEVELOPERS
690 _aPROPERTY-COMMERCIAL PROPERTY-COMMERCIAL PROPERTY MARKET
942 _n0
999 _c73449
_d73449